Jennifer Lopez UK Top 75 Hits - Statistics

General Stats
  • This quiz has been taken 30 times
  • The average score is 15 of 26
Answer Stats
Chart Position Year Featuring Artist Answer % Correct
#3 2002 Jenny From the Block
91%
#1 2011 Pitbull On the Floor
87%
#5 1999 Waiting for Tonight
87%
#4 2001 Ja Rule I'm Real
83%
#1 2001 Love Don't Cost a Thing
83%
#4 1999 If You Had My Love
78%
#3 2001 Ain't It Funny
74%
#2 2003 LL Cool J All I Have
74%
#11 2012 Pitbull Dance Again
70%
#1 2005 Get Right
70%
#3 2001 Play
70%
#67 2011 Papi
61%
#11 2007 Do It Well
57%
#11 2003 I'm Glad
57%
#9 2011 Lil Wayne I'm Into You
57%
#3 2012 WIll.I.Am/Mick Jagger T.H.E (The Hardest Ever)
52%
#2 2006 LL Cool J Control Myself
48%
#17 2013 Pitbull Live It Up
48%
#72 2008 Hold it Don't Drop it
43%
#3 2002 Nas I'm Gonna Be Alright
43%
#15 2000 Feelin so Good
39%
#6 2005 Fat Joe Hold You Down
39%
#4 2002 Ja Rule Ain't It Funny (Remix)
30%
#63 2014 First Love
30%
#3 2004 Baby I Love U
26%
#29 2014 Pitbull/Leitte We Are One (Ole Ola)
22%
No matching quizzes found
Score Distribution
Percent of People with Each Score
Percentile by Number Answered
Your Score History
You have not taken this quiz